000 00403nam a2200169Ia 4500
001 11614
003 IN-NITTTR
005 20251114233108.0
008 251113s9999||||xx |||||||||||||| ||eng||
040 _beng
040 _cIN-NITTTR
041 _aeng
082 _a005.1 G261C
100 _aGear, C. William
245 0 _aComputer organization and programming /
_cGear, C. William
942 _2ddc
_cBK
999 _c14250
_d14250